Online
Catalog

No hay signos en el mar /. (Record no. 4170)

MARC details
000 -CABECERA
campo de control de longitud fija 00552cam a22001931 4500
001 - NÚMERO DE CONTROL
campo de control 000004361
005 - FECHA Y HORA DE LA ÚLTIMA TRANSACCIÓN
campo de control 20200929151430.0
008 - DATOS DE LONGITUD FIJA--INFORMACIÓN GENERAL
campo de control de longitud fija 740305s1961 xx 000 0 eng
010 ## - NÚMERO DE CONTROL DE LA BIBLIOTECA DEL CONGRESO
Número de control de LC 61001433
015 ## - NÚMERO DE BIBLIOGRAFÍA NACIONAL
Número de bibliografía nacional GB61-2009
035 ## - NÚMERO DE CONTROL DEL SISTEMA
Número de control de sistema (OCoLC)819856
040 ## - FUENTE DE LA CATALOGACIÓN
Centro catalogador/agencia de origen DO-SdBNP
Centro/agencia transcriptor CtU
Centro/agencia modificador Uk
-- DLC
050 00 - SIGNATURA TOPOGRÁFICA DE LA BIBLIOTECA DEL CONGRESO
Número de clasificación PZ3.S123
Número de documento/Ítem No
Número de clasificación PR6037.A35
100 2# - ENTRADA PRINCIPAL--NOMBRE DE PERSONA
Nombre de persona Sackville-West, V.
Forma completa/desarrollada del nombre (Victoria),
Fechas asociadas al nombre 1892-1962
9 (RLIN) 12850
245 10 - MENCIÓN DE TÍTULO
Título No hay signos en el mar /.
260 ## - PUBLICACIÓN, DISTRIBUCIÓN, ETC.
Lugar de publicación, distribución, etc. London, :
Nombre del editor, distribuidor, etc. M. Joseph,
Fecha de publicación, distribución, etc. [1961].
300 ## - DESCRIPCIÓN FÍSICA
Extensión 155 p. ;
Dimensiones 21 cm.
910 ## - DATOS DE OPCIÓN DEL USUARIO (OCLC)
Datos de opción del usuario Catalogación por copia / LC
Holdings
Estado de retiro Estado de pérdida Restricciones de uso No para préstamo Código de colección Localización permanente Ubicación/localización actual Ubicación en estantería Fecha de adquisición Número de inventario Total de préstamos Signatura topográfica completa Código de barras Fecha visto por última vez Precio válido a partir de Tipo de ítem Koha
    Préstamo interno   Monografías: Libros y Folletos General General Depósito 21.07.2009 LF1   4361-10 25.06.2020 25.06.2020 Préstamo interno

Powered by Koha